| 000 -LEADER |
| fixed length control field |
01088nam a22002297a 4500 |
| 003 - CONTROL NUMBER IDENTIFIER |
| control field |
OSt |
| 005 - DATE AND TIME OF LATEST TRANSACTION |
| control field |
20260515120842.0 |
| 008 - FIXED-LENGTH DATA ELEMENTS--GENERAL INFORMATION |
| fixed length control field |
260515b ||||| |||| 00| 0 eng d |
| 020 ## - INTERNATIONAL STANDARD BOOK NUMBER |
| International Standard Book Number |
9789951772877 |
| 040 ## - CATALOGING SOURCE |
| Original cataloging agency |
BSHUA |
| Language of cataloging |
Shqip |
| 050 ## - LIBRARY OF CONGRESS CALL NUMBER |
| Item number |
781.5(496.51)/Per. |
| 082 ## - DEWEY DECIMAL CLASSIFICATION NUMBER |
| Item number |
781.5(496.51)/Per. |
| 100 ## - MAIN ENTRY--PERSONAL NAME |
| Personal name |
Perkola, (Palokaj) Kristina |
| 245 ## - TITLE STATEMENT |
| Title |
Skena Muzikore e Prishtinës - Festivali i parë i muzikës klasike në Kosovë (1974-1988) : (Jubileu i 50-vjetorit te themelimit) |
| 260 ## - PUBLICATION, DISTRIBUTION, ETC. (IMPRINT) |
| Place of publication, distribution, etc |
Prishtine: |
| Name of publisher, distributor, etc |
Jakup Ceraja, |
| Date of publication, distribution, etc |
2024. |
| 300 ## - PHYSICAL DESCRIPTION |
| Extent |
232 f.; me ilustr. |
| Dimensions |
24 cm. |
| 500 ## - GENERAL NOTE |
| General note |
Redaktor : Rafet Rudi<br/>Recensent : Rauf Dhomi<br/>Lektor : Alfred Beka<br/>Shtepia Botuese : Jakup Ceraja<br/>Design : Rrezart Fejzullahu<br/>Shtypi : Lena Graphic |
| 653 ## - INDEX TERM--UNCONTROLLED |
| Uncontrolled term |
Muzika shqiptare - Muzika e Kosoves - Festivalet - Institucionalizimi i artit muzikor - Festivalet muzikore ne Kosove - Skena muzikore e Prishtines - |
| -- |
Edicionet e Festivalit 1974-1988 - Veprat e interpretuara - Shkrime dhe analiza muzikore botuar ne Gazeten Rilindja |
| 856 ## - ELECTRONIC LOCATION AND ACCESS |
| Link text |
Fulltext |
| 942 ## - ADDED ENTRY ELEMENTS (KOHA) |
| Source of classification or shelving scheme |
|
| Koha item type |
Books |
| 953 ## - Fulltext |
| Is Fulltext Available |
Unavailable |